Statistiques concernant Frontières de la Chine

Cliquez ici pour prendre le quiz!

Statistiques générales

  • Ce quiz a été pris 232 fois
  • Le résultat moyen est 12 sur 14

Statistiques - réponses

Km de frontièresRéponse% Correct
4250Russie
100%
4677Mongolie
99%
3380Inde
98%
1416Corée du Nord
97%
1236Népal
94%
1281Viet Nam
92%
523Pakistan
89%
423Laos
87%
414Tadjikistan
85%
76Afghanistan
81%
2185Birmanie
79%
470Bhoutan
78%
1533Kazakhstan
75%
858Kirghizistan
16%

Distribution des résultats

Percentile par nombre de réponses

% des personnes avec chaque résultat

Votre développement - résultats

Vous n’avez pas pris ce quiz